Missing Word: Humphrey Bogart Quiz Stats

 Plays Quiz Updated Oct 4, 2014

Challenge
Share
Tweet
Embed
Score 0/18 Timer 02:00
1 Play Today
Title Missing Word % Correct
The Maltese _____Falcon
98.4%
To _____ and Have NotHave
95.1%
______ LargoKey
88.6%
The _____ QueenAfrican
84.9%
The _____ MutinyCaine
80.6%
The _____ They FallHarder
79.9%
The _____ of the Sierra MadreTreasure
72.2%
We're No _____Angels
69.2%
The Petrified _____Forest
66.9%
Title Missing Word % Correct
The Barefoot _____Contessa
61.5%
Angels With _____ FacesDirty
59%
The Big _____Sleep
53.1%
_____ PassageDark
36%
High _____Sierra
29%
_____ the DevilBeat
18.5%
In a _____ PlaceLonely
15.6%
They _____ By NightDrive
13.8%
The _____ HoursDesperate
11.8%

Today's Daily Dose

You're not logged in!

Compare scores with friends on all Sporcle quizzes.
OR
Log In

You Might Also Like...

Show Comments

Extras

Top Quizzes Today


Score Distribution

Your Account Isn't Verified!

In order to create a playlist on Sporcle, you need to verify the email address you used during registration. Go to your Sporcle Settings to finish the process.

Report this User

Report this user for behavior that violates our Community Guidelines.

Details: